000 01166nam a2200349 a 4500
001 000007137
003 DO-SdBNP
005 20180321140012.0
007 000007137
008 090717s2006 dr 001 0 spa d
020 _z999347696X
040 _aBPMSU
_bspa
_cBPMSU
082 _a923.57293
_bG633c, 2009
100 1 _aCassá, Roberto,
_d1942-
245 1 0 _aMáximo Gómez :
_blibertador de Cuba /
_cRoberto Cassá ; ilustración Ramiro Manzano.
250 _a2a. ed.
260 _aSanto Domingo :
_bTobogán,
_c2009
300 _a65 p. :
_bil. ;
_c21 cm.
490 0 _aBiografías dominicanas Tobogán
504 _aBibliografía : p. 65
600 1 4 _aGÓMEZ, MÁXIMO,
_d1836-1905
651 4 _aCUBA
_xHISTORIA
_yGUERRA DE INDEPENDENCIA, 1895-1898
651 4 _aREPÚBLICA DOMINICANA
_xHISTORIA
_y 1865-1916
700 1 2 _aManzano, Ramiro,
_eil.
830 0 _aBiografías dominicanas Tobogán.
910 _aValidado. Control de calidad MFF
942 _2ddc
_cMP
945 _aInventariado, 2018 / BT
956 _aARIVERA
_b10
_c20090904
_lBND01
_h1638
956 _aMMOLINA
_b30
_c20090928
_lBND01
_h1614
956 _aVMATEO
_b10
_c20150907
_lBPMSU
_h00151
999 _c8244
_d8244